Territories of Antarctica - Statistics

General Stats
  • This quiz has been taken 17 times
  • The average score is 8 of 12
Answer Stats
Size (km^2) Country Answer % Correct
2,700,000 Norway Queen Maud Land
100%
1,461,597 Argentina Argentine Antarctica
78%
5,896,500 Australia Australian Antarctic Territory
78%
1,709,400 United Kingdom British Antarctic Territory
78%
1,250,257.6 Chile Chilean Antarctic Territory
78%
154 Norway Peter I Island
67%
450,000 New Zealand Ross Dependency
67%
351,000 France Adélie Land
56%
49 Norway Bouvet Island
56%
368 Australia Heard Island and McDonald Islands
44%
3,903 United Kingdom South Georgia and the South Sandwich Islands
44%
343 South Africa Prince Edward Islands
33%
No matching quizzes found
Score Distribution
Percent of People with Each Score
Percentile by Number Answered
Your Score History
You have not taken this quiz